| 000 | 00567nam a22001817a 4500 | ||
|---|---|---|---|
| 005 | 20250404115813.0 | ||
| 008 | 250404b |||||||| |||| 00| 0 eng d | ||
| 020 | _a9789393715142 | ||
| 041 | _aeng | ||
| 082 | _a658.4063 DES | ||
| 100 | _aDeshmukh, Laxmikant Baburao | ||
| 245 | _aDigital Innovation | ||
| 260 |
_aNew Delhi _bBloomsbury _c2022 |
||
| 300 | _a232;. pages: 25 cm | ||
| 650 | _aBusiness Enterprises; Technological Innovations-Economic Aspects; Business Enterprises-Computer Networks; Digital Media | ||
| 700 | _aDande, Mayur Anil | ||
| 942 | _cBK | ||
| 999 |
_c43551 _d43551 |
||